| 000 | 00841nam a2200217Ii 4500 | ||
|---|---|---|---|
| 003 | JO-AjNU | ||
| 008 | 230605s9999||||xx |||||||||||||| ||und|| | ||
| 017 | _a2007/5/1527 | ||
| 040 |
_aJO-AjNU _bara _erda _cJO-AjNU |
||
| 041 | _aara | ||
| 050 | 1 | 4 | _aHF5415.13 .F32.2008 |
| 100 | 3 |
_aالقضل،مؤيد, _eauthor _929296 |
|
| 245 | 0 | 0 | _aمدخل الى الاساليب الكمية في التسويق:تطبيقات في منظمات الاعمال الانتاجية والخدمية |
| 250 | _aط1 | ||
| 264 | 3 | 1 | _aعمان:دار المسيرة للنشر والتوزيع؛2008 |
| 300 |
_a479ص _bيحتوي على ببلوغرافية من ص471-479ص |
||
| 336 |
_atext _btxt _2rdacontent |
||
| 337 |
_aunmediated _bn _2rdamedia |
||
| 338 |
_avolume _bnc _2rdacarrier |
||
| 650 | 4 |
_aالتسويق-ادارة مبيعات _929297 |
|
| 999 |
_aA11471 _c15039 _d15039 |
||